000 00295nam a2200133Ia 4500
100 _aSimons. Eric N.
942 _cBK
654 _aTesting of metals
245 _aTesting of metals
260 _bGreat Albion Books
_aNew Jersey
_c1972
082 _a620.17
300 _a200
546 _aENGLISH
999 _c25185
_d25185